Flights of deities and rebirth of temples : (Record no. 166328)

MARC details
000 -LEADER
fixed length control field 00635nam a22001937a 4500
005 - DATE AND TIME OF LATEST TRANSACTION
control field 20190719164904.0
010 ## - LCCN (DPL NO)
LC control number ENG-126016
020 ## - INTERNATIONAL STANDARD BOOK NUMBER
International Standard Book Number 9788173056192
Terms of availability 995.00
035 ## - SYSTEM CONTROL NUMBER
System control number EN-109548
037 ## - SOURCE OF ACQUISITION
Source of stock number/acquisition DBAD/PUB
082 ## - DEWEY DECIMAL CLASSIFICATION NUMBER
Classification number 954
100 ## - MAIN ENTRY--PERSONAL NAME
Personal name Jain, Meenakshi
245 ## - TITLE STATEMENT
Title Flights of deities and rebirth of temples :
Statement of responsibility, etc by Meenakshi Jain
Remainder of title episodes from Indian history /
260 ## - PUBLICATION, DISTRIBUTION, ETC. (IMPRINT)
Place of publication, distribution, etc New Delhi
Name of publisher, distributor, etc Aryan Books International
Date of publication, distribution, etc 2019
270 ## - ADDRESS
Address Pooja Apartments, 4B
City Ansari Road, New Delhi
Postal code 110002
Electronic mail address aryanbooks@gmail.com
300 ## - PHYSICAL DESCRIPTION
Extent x,405p.
Dimensions 22cm(Hb)
500 ## - GENERAL NOTE
General note Includes index
942 ## - ADDED ENTRY ELEMENTS (KOHA)
Source of classification or shelving scheme Dewey Decimal Classification
Item type English Books
Classification part 954
Call number suffix JAI
Holdings
Withdrawn status Lost status Not for loan Collection code Home library Current library Date acquired Source of acquisition Cost, normal purchase price Full call number Barcode Copy number Cost, replacement price Koha item type
      Non-fiction Central Library Central Library 19/07/2019 DBAD/PUB 995.00 954 JAI EN-109548 1 995.00 English Books

© Delhi Public Library
Hit Counter
free hit counter